Kumpulan puisi : pemain puisi

Bibliographic Details
Main Author: Ladin Nuawi , 1956
Format: Book
Published: Kuala Lumpur : Institut Terjemahan & Buku Malaysia Berhad , 2016
Subjects:

MARC

LEADER 00000cam a2200000 7i4500
001 0000071579
005 20170320.0
008 170320
020 |a 9789674602741 
090 0 0 |a 899.231   |b LAD 
100 0 |a Ladin Nuawi ,   |d 1956 
245 1 0 |a Kumpulan puisi :   |b pemain puisi   |c Ladin Nuawi 
260 |a Kuala Lumpur :   |b Institut Terjemahan & Buku Malaysia Berhad ,   |c 2016 
300 |a 208 p. ;   |c 21.5 cm. 
541 0 0 |c Purchased on 2016 
650 0 |a Malay poetry 
999 |a 0001458553   |b Book   |c Adult Collection   |e Cawangan Kota Tinggi 
999 |a 0001458554   |b Book   |c Adult Collection   |e Cawangan Bukit Gambir 
999 |a 0001458555   |b Book   |c Adult Collection   |e Cawangan Bandar Tenggara 
999 |a 0001458556   |b Book   |c Adult Collection   |e Cawangan Taman Sri Lambak 
999 |a 0001458557   |b Book   |c Adult Collection   |e Cawangan Mersing 
999 |a 0001458558   |b Book   |c Adult Collection   |e Cawangan Mersing 
999 |a 0001458559   |b Book   |c Adult Collection   |e Cawangan Segamat 
999 |a 0001458560   |b Book   |c Adult Collection   |e Cawangan Tmn. Ungku Tun Aminah 
999 |a 0001458561   |b Book   |c Adult Collection   |e Cawangan Sri Merlong 
999 |a 0001458562   |b Book   |c Adult Collection   |e Cawangan Muar 
999 |a 0001458563   |b Book   |c Adult Collection   |e Cawangan Tangkak 
999 |a 0001458564   |b Book   |c Adult Collection   |e Cawangan Batu Pahat 
999 |a 0001458565   |b Book   |c Adult Collection   |e Cawangan Tmn. Ungku Tun Aminah 
999 |a 0001458566   |b Book   |c Adult Collection   |e Cawangan Bandar Penawar 
999 |a 0001458567   |b Book   |c Adult Collection   |e Cawangan Pontian 
999 |a 0001458568   |b Book   |c Adult Collection   |e Cawangan Tangkak 
999 |a 0001458569   |b Book   |c Adult Collection   |e Cawangan Pontian 
999 |a 0001458775   |b Book   |c Adult Collection   |e Perbadanan Perpustakaan Awam Johor 
999 |a 0001458776   |b Book   |c Adult Collection   |e Perbadanan Perpustakaan Awam Johor 
999 |a 0001458777   |b Book   |c Adult Collection   |e Cawangan Urban Transformation Centre 
999 |a 0001458778   |b Book   |c Adult Collection   |e Cawangan AEON Kulaijaya